Chromatography of pharmaceuticals : natural, synthetic, and recombinant products /
Guardado en:
| Autores Corporativos: | , , |
|---|---|
| Otros Autores: | |
| Formato: | Procedimiento de la Conferencia Libro |
| Lenguaje: | inglés |
| Publicado: |
Washington, DC
American Chemical Society
1992.
|
| Colección: | ACS symposium series ;
512 |
| Materias: | |
| Acceso en línea: | Ver en el OPAC |
| Etiquetas: |
Sin Etiquetas, Sea el primero en etiquetar este registro!
|
MARC
| LEADER | 00000pam a2200000 a 4500 | ||
|---|---|---|---|
| 005 | 20260127134049.0 | ||
| 008 | 050512s1992 dcua b 101 0 eng c | ||
| 010 | |a 92-049380 | ||
| 020 | |a 0841224986 (alk. paper) | ||
| 035 | |a vtls008153417 | ||
| 035 | |a 3925564 | ||
| 039 | 9 | |y 200505121026 |z mschk03 | |
| 040 | |a STUSCHK1 |b slo |c STUSCHK1 | ||
| 060 | 0 | |a QV 25 C5575 1991 | |
| 082 | 0 | 0 | |a 615.1901 |2 20 |
| 245 | 0 | 0 | |a Chromatography of pharmaceuticals : |b natural, synthetic, and recombinant products / |c Satinder Ahuja, editor. |
| 260 | |a Washington, DC |b American Chemical Society |c 1992. | ||
| 300 | |a x, 211 p. |b ill. |c 24 cm. | ||
| 440 | 0 | |a ACS symposium series ; |v 512 | |
| 500 | |a "Developed from a symposium sponsored by the Division of Agricultural and Food Chemistry of the American Chemical Society at the Fourth Chemical Congress of North America (202nd National Meeting of the American Chemical Society), New York, New York, August 25-30, 1991." | ||
| 504 | |a Includes bibliographical references and index. | ||
| 650 | 0 | |a Chromatographic analysis |v Congresses. | |
| 650 | 0 | |a Pharmaceutical chemistry |v Congresses. | |
| 650 | 0 | |a Drugs |x Analysis |v Congresses. | |
| 650 | 2 | |a Chromatography |x methods |x congresses. | |
| 650 | 2 | |a Drugs |x analysis |x congresses. | |
| 700 | 1 | |a Ahuja, Satinder, |d 1933- | |
| 710 | 2 | |a American Chemical Society. |b Division of Agricultural and Food Chemistry. | |
| 710 | 2 | |a American Chemical Society. |b Meeting |n (202. : |d 1991 : |c New York, N.Y.) | |
| 711 | 2 | |a Chemical Congress of North America |n (4. : |d 1991 : |c New York, N.Y.) | |
| 906 | |a 7 |b cbu |c orignew |d 1 |e ocip |f 19 |g y-gencatlg | ||
| 910 | |a SCHK95 | ||
| 919 | |a 0-8412-2498-6 | ||
| 991 | |b c-GenColl |h RS189.5.C48 |i C53 1992 |p 00026874026 |t Copy 1 |w BOOKS | ||
| 999 | |c 3225 |d 3225 | ||